[Event "FB1 2122 Rodewischer Schachmiezen - SV"]
[Site "?"]
[Date "2022.05.26"]
[Round "3.2"]
[White "Lubbe, Melanie"]
[Black "Kulon, Klaudia"]
[Result "1-0"]
[WhiteElo "2308"]
[BlackElo "2305"]
[PlyCount "69"]
[EventDate "2022.??.??"]

1. e4 e5 2. Nf3 Nc6 3. Bc4 Nf6 4. d3 Be7 5. O-O O-O 6. Re1 d6 7. c3 Na5 8. Bb5
a6 9. Ba4 b5 10. Bc2 c5 11. Nbd2 g6 12. Nf1 Nh5 13. d4 Qc7 14. Ne3 Be6 15. dxe5
dxe5 16. Nd5 Bxd5 17. exd5 Bd6 18. Ng5 Ng7 19. Qf3 Qd7 20. Qg3 Ne8 21. f4 exf4
22. Bxf4 Nb7 23. Re3 c4 24. Nxh7 Bc5 25. Nxf8 Kxf8 26. Be5 Bxe3+ 27. Qxe3 Qxd5
28. Qh6+ Ke7 29. Qh4+ Kf8 30. Re1 Rc8 31. Bd4 f6 32. Be4 Qd7 33. Qh8+ Kf7 34.
Qh7+ Ng7 35. Bxg6+ 1-0

[Event "FB1 2122 Rodewischer Schachmiezen - SV"]
[Site "?"]
[Date "2022.05.26"]
[Round "3.3"]
[White "Hincu, Olga"]
[Black "Movsesian, Julia"]
[Result "1-0"]
[WhiteElo "2078"]
[BlackElo "2313"]
[PlyCount "81"]
[EventDate "2022.??.??"]

1. d4 d5 2. Nf3 e6 3. c4 a6 4. e3 Nf6 5. Bd3 dxc4 6. Bxc4 b5 7. Be2 Bb7 8. O-O
Nbd7 9. a4 b4 10. a5 c5 11. Nbd2 Be7 12. Nc4 O-O 13. Nfe5 Qc7 14. Bf3 Bd5 15.
b3 Rad8 16. Bb2 Nxe5 17. Nxe5 Ne4 18. Qc2 Qb7 19. Nc4 Bf6 20. Nb6 Bc6 21. Rac1
Bh4 22. Qe2 Bf6 23. Bxe4 Bxe4 24. f3 Bd5 25. dxc5 Bxb3 26. Bxf6 gxf6 27. Qb2
Bd5 28. Qxf6 Qc6 29. Nxd5 Rxd5 30. Rc4 h5 31. Rxb4 Qxc5 32. Rd4 Rxd4 33. exd4
Qxa5 34. f4 Rb8 35. f5 exf5 36. Qg5+ Kf8 37. Qxh5 Rb5 38. Qh8+ Ke7 39. Qh4+ Kd7
40. Qf6 Qa2 41. Re1 1-0

[Event "FB1 2122 Rodewischer Schachmiezen - SV"]
[Site "?"]
[Date "2022.05.26"]
[Round "3.4"]
[White "Theissl Pokorna, Regina"]
[Black "Germann, Heike"]
[Result "1/2-1/2"]
[WhiteElo "2302"]
[BlackElo "1997"]
[PlyCount "75"]
[EventDate "2022.??.??"]

1. e4 c5 2. Nf3 Nc6 3. d4 cxd4 4. Nxd4 g6 5. Nc3 Bg7 6. Be3 Nf6 7. Bc4 Qa5 8.
O-O O-O 9. Bb3 d6 10. h3 Bd7 11. Qd3 Nxd4 12. Bxd4 Bc6 13. Rfe1 Nd7 14. Bxg7
Kxg7 15. Nd5 Nc5 16. Qe3 Bxd5 17. exd5 Rfe8 18. Rad1 Rac8 19. c3 Nxb3 20. axb3
Qa2 21. c4 Qxb2 22. Rb1 Qa3 23. Ra1 Qc5 24. Rxa7 Qxe3 25. Rxe3 Rc7 26. Kf1 e5
27. dxe6 Rxe6 28. Ke2 Kf6 29. Kd3 Rxe3+ 30. Kxe3 d5 31. c5 Rxc5 32. Rxb7 Rc3+
33. Kd2 d4 34. h4 h5 35. Rb5 Ke6 36. Rb7 Kf6 37. Rb5 Ke6 38. Rb7 1/2-1/2

[Event "FB1 2122 Rodewischer Schachmiezen - SV"]
[Site "?"]
[Date "2022.05.26"]
[Round "3.5"]
[White "Just, Anita"]
[Black "Miturova, Magdalena"]
[Result "0-1"]
[WhiteElo "1895"]
[BlackElo "2217"]
[PlyCount "114"]
[EventDate "2022.??.??"]

1. e4 e5 2. Nf3 Nc6 3. Bc4 Nf6 4. Ng5 d5 5. exd5 Na5 6. Bb5+ c6 7. dxc6 bxc6 8.
Be2 h6 9. Nf3 e4 10. Ne5 Bc5 11. c3 Bd6 12. d4 exd3 13. Nxd3 Qc7 14. h3 O-O 15.
O-O Bf5 16. Nd2 Rad8 17. Ne1 c5 18. Nef3 Rfe8 19. Bb5 Re6 20. Qa4 Nd5 21. Nh4
Bh7 22. Qg4 a6 23. Bxa6 Bh2+ 24. Kh1 Rxa6 25. g3 Nf6 26. Qf3 Rxd2 27. Kxh2 Rd3
28. Bf4 Qd7 29. Rad1 c4 30. Be3 Nc6 31. Rxd3 Bxd3 32. Ra1 Ne5 33. Qf4 Re6 34.
Qd4 Qb7 35. b4 g5 36. f4 gxh4 37. fxe5 hxg3+ 38. Kxg3 Ne4+ 39. Kh2 Rg6 40. Rg1
Rxg1 41. Kxg1 Qc6 42. Kh2 Qg6 43. Bf4 Bf1 44. Qg1 Qxg1+ 45. Kxg1 Bxh3 46. Bxh6
Kh7 47. Be3 Nxc3 48. a3 Kg6 49. Kf2 Bd7 50. Bd4 Nd5 51. Ke2 Kf5 52. Kd2 Ke4 53.
Bg1 Kxe5 54. Ba7 Ke4 55. Bg1 c3+ 56. Kc1 Kd3 57. Bh2 Nb6 0-1

[Event "FB1 2122 Rodewischer Schachmiezen - SV"]
[Site "?"]
[Date "2022.05.26"]
[Round "3.6"]
[White "Kubikova, Alena"]
[Black "Von Herman, Brigitte"]
[Result "1-0"]
[WhiteElo "2093"]
[BlackElo "1929"]
[PlyCount "59"]
[EventDate "2022.??.??"]

1. e4 e5 2. Nf3 Nc6 3. Bb5 a6 4. Ba4 Nf6 5. O-O Be7 6. Bxc6 dxc6 7. d3 Nd7 8.
b3 O-O 9. Bb2 f6 10. Nbd2 Nc5 11. h3 Be6 12. Qe2 Bf7 13. Nh4 Ne6 14. Nf5 Bc5
15. Qg4 Qd7 16. Nxg7 Kh8 17. Nxe6 Bxe6 18. Qf3 Rf7 19. Kh2 Rg8 20. Nc4 Rg5 21.
Ne3 Rf8 22. Rg1 Qg7 23. g4 Rg8 24. Rg3 Bxe3 25. Qxe3 Qe7 26. Rag1 Rf8 27. f4
exf4 28. Qxf4 Kg8 29. Rf1 Rf7 30. Bxf6 1-0

[Event "FB1 2122 SK Lehrte - Schachfreunde Deiz"]
[Site "?"]
[Date "2022.05.26"]
[Round "3.1"]
[White "Klek, Hanna Marie"]
[Black "Sieber, Fiona"]
[Result "1-0"]
[WhiteElo "2362"]
[BlackElo "2264"]
[PlyCount "81"]
[EventDate "2022.??.??"]

1. e4 c5 2. Nf3 d6 3. d4 cxd4 4. Nxd4 Nf6 5. Nc3 a6 6. Nb3 g6 7. Bg5 Bg7 8. Qe2
Nbd7 9. O-O-O b5 10. h4 h6 11. Bf4 Nh5 12. Bd2 Ne5 13. Nd5 Nc4 14. Bc3 Bxc3 15.
Nxc3 Bb7 16. Qe1 Rc8 17. g3 Nf6 18. Bh3 e6 19. f3 Nd7 20. Kb1 b4 21. Ne2 a5 22.
Ned4 Ndb6 23. Bf1 Qf6 24. f4 O-O 25. Rh2 e5 26. fxe5 dxe5 27. Rf2 Qe7 28. Nf3
a4 29. Nbd2 Na5 30. Qe3 Qc7 31. Bd3 Kg7 32. Nxe5 Qxe5 33. Qxb6 Rb8 34. Nf3 Qxg3
35. Rg1 Qh3 36. Qxa5 a3 37. Qe5+ Kh7 38. h5 Qd7 39. Nh4 Rbe8 40. Qf6 Rg8 41.
Qxf7+ 1-0

[Event "FB1 2122 SK Lehrte - Schachfreunde Deiz"]
[Site "?"]
[Date "2022.05.26"]
[Round "3.2"]
[White "Newrkla, Katharina"]
[Black "Gaponenko, Inna"]
[Result "1-0"]
[WhiteElo "2232"]
[BlackElo "2332"]
[PlyCount "110"]
[EventDate "2022.??.??"]

1. e4 c5 2. Nf3 Nc6 3. d4 cxd4 4. Nxd4 Nf6 5. Nc3 e5 6. Ndb5 d6 7. Nd5 Nxd5 8.
exd5 Ne7 9. c4 Nf5 10. Bd3 Be7 11. O-O O-O 12. a4 a6 13. Nc3 a5 14. Nb5 Bd7 15.
Bd2 Bf6 16. Ra3 Re8 17. Re1 g6 18. b4 axb4 19. Bxb4 Bxb5 20. cxb5 Nd4 21. a5 b6
22. a6 Qd7 23. Bc3 Rec8 24. Bxd4 exd4 25. Qf3 Kg7 26. g3 h5 27. h4 Rc3 28. Rxc3
dxc3 29. Qe3 Qc7 30. Qe4 Rc8 31. Re2 Qb8 32. f4 Qc7 33. Kg2 Qc5 34. f5 Rc7 35.
fxg6 Re7 36. Qf3 fxg6 37. Rxe7+ Bxe7 38. Qe4 Kf8 39. Qxg6 Qxd5+ 40. Qe4 Qa2+
41. Kh3 d5 42. Qf5+ Kg7 43. Qh7+ Kf6 44. Qh8+ Ke6 45. Qxc3 Bc5 46. Qe1+ Kd6 47.
Bf5 Bd4 48. Qe6+ Kc5 49. Qc6+ Kb4 50. Qc2 Qa5 51. Qd2+ Bc3 52. Qxd5 Qa1 53. Bd3
Bg7 54. Qc4+ Ka3 55. Be4 Kb2 1-0

[Event "FB1 2122 SK Lehrte - Schachfreunde Deiz"]
[Site "?"]
[Date "2022.05.26"]
[Round "3.3"]
[White "Schleining, Zoya"]
[Black "Duessler, Stefanie"]
[Result "1-0"]
[WhiteElo "2329"]
[BlackElo "2110"]
[PlyCount "81"]
[EventDate "2022.??.??"]

1. Nf3 c5 2. c4 Nc6 3. d4 cxd4 4. Nxd4 g6 5. e4 Bg7 6. Be3 Nf6 7. Nc3 d6 8. Be2
O-O 9. O-O Bd7 10. Nc2 Rc8 11. Qd2 Ne5 12. b3 Bc6 13. f3 a6 14. Rac1 Qc7 15.
Rfd1 Ned7 16. Bf1 b6 17. Nb4 Nc5 18. Ncd5 Qb7 19. Bg5 Bxd5 20. cxd5 Rfe8 21.
Be3 Nfd7 22. Nc6 Ne5 23. Qc2 Nxc6 24. dxc6 Qa7 25. b4 Ne6 26. Qf2 Qa8 27. Qc2
b5 28. a4 Qb8 29. axb5 axb5 30. Qe2 Rc7 31. Rd5 Qa8 32. Qxb5 Rec8 33. Qa6 Bb2
34. Qxa8 Rxa8 35. Rc2 Be5 36. b5 Nf4 37. Rxe5 dxe5 38. Bxf4 exf4 39. b6 Rac8
40. bxc7 Rxc7 41. Bb5 1-0

[Event "FB1 2122 SK Lehrte - Schachfreunde Deiz"]
[Site "?"]
[Date "2022.05.26"]
[Round "3.4"]
[White "Zschischang, Marine"]
[Black "Rapport, Jovana"]
[Result "1/2-1/2"]
[WhiteElo "2076"]
[BlackElo "2294"]
[PlyCount "37"]
[EventDate "2022.??.??"]

1. d4 Nf6 2. Nf3 g6 3. Nc3 d5 4. Bf4 Bg7 5. e3 O-O 6. Be2 c5 7. Ne5 Nc6 8. h4
cxd4 9. exd4 Qb6 10. Nxc6 bxc6 11. Na4 Qa5+ 12. c3 Ne4 13. f3 Nd6 14. h5 Re8
15. hxg6 hxg6 16. g4 Nc4 17. b4 Qd8 18. Bxc4 dxc4 19. Kf2 1/2-1/2

[Event "FB1 2122 SK Lehrte - Schachfreunde Deiz"]
[Site "?"]
[Date "2022.05.26"]
[Round "3.5"]
[White "Koepke, Elena"]
[Black "Braje, Monika"]
[Result "1-0"]
[WhiteElo "2285"]
[BlackElo "1773"]
[PlyCount "51"]
[EventDate "2022.??.??"]

1. e4 d5 2. exd5 Nf6 3. d4 Nxd5 4. c4 Nb6 5. Nf3 e6 6. Be3 Be7 7. Nc3 O-O 8.
Qc2 Bf6 9. Ne4 Nc6 10. Rd1 g6 11. Nxf6+ Qxf6 12. Be2 Re8 13. O-O e5 14. dxe5
Nxe5 15. Nxe5 Qxe5 16. Bf3 c6 17. Bd4 Qa5 18. Qc1 Nd7 19. Bc3 Qf5 20. Rfe1 Rf8
21. Bb4 c5 22. Rd5 Qf6 23. Bc3 Qh4 24. g3 Qd8 25. Qh6 f6 26. Rd6 1-0

[Event "FB1 2122 SK Lehrte - Schachfreunde Deiz"]
[Site "?"]
[Date "2022.05.26"]
[Round "3.6"]
[White "Grabowski, Petra"]
[Black "Jelica, Mara"]
[Result "1/2-1/2"]
[WhiteElo "1635"]
[BlackElo "2121"]
[PlyCount "132"]
[EventDate "2022.??.??"]

1. d4 Nf6 2. Nf3 g6 3. Nc3 d5 4. Bf4 Bg7 5. e3 Nh5 6. Be5 f6 7. Bg3 Nxg3 8.
hxg3 Be6 9. Be2 Bf7 10. e4 dxe4 11. Nxe4 c6 12. c3 Nd7 13. Bd3 Qc7 14. Qe2 h6
15. Bc4 e6 16. Nc5 Nxc5 17. dxc5 Qe7 18. Nd4 O-O 19. O-O e5 20. Bxf7+ Qxf7 21.
Nf3 Rad8 22. Rfd1 Rd5 23. Rxd5 Qxd5 24. Qc2 Kh7 25. Qb3 Qxb3 26. axb3 a6 27.
Rd1 Rf7 28. b4 f5 29. Ne1 Bf6 30. Nc2 Kg7 31. Ne3 e4 32. Nc4 Kf8 33. Kf1 Rc7
34. Ke2 h5 35. Rd6 Kg7 36. Rd1 Be7 37. Ne5 Kf6 38. Nc4 Ke6 39. Nb6 a5 40. Nc4
axb4 41. cxb4 Bf6 42. Rd6+ Kf7 43. Rd2 Ke7 44. Nb6 Kf7 45. Nc4 Re7 46. Rd6 g5
47. Rd2 f4 48. gxf4 gxf4 49. Nd6+ Kg6 50. b5 e3 51. Rc2 exf2+ 52. Kxf2 Re3 53.
Re2 Rxe2+ 54. Kxe2 cxb5 55. Nxb7 Bxb2 56. Nd6 Ba3 57. Nxb5 Bxc5 58. Nc3 Bd4 59.
Nd5 Kf5 60. Kf3 Be5 61. Nxf4 Bxf4 62. g3 Bd2 63. Kg2 Kg4 64. Kh1 Kh3 65. Kg1
Be1 66. Kh1 Bf2 1/2-1/2

[Event "FB1 2122 SV Hemer 1932 - OSG Baden-Bade"]
[Site "?"]
[Date "2022.05.26"]
[Round "3.1"]
[White "Abdumalik, Zhansaya"]
[Black "Cosma, Elena-Luminita"]
[Result "1-0"]
[WhiteElo "2489"]
[BlackElo "2277"]
[PlyCount "121"]
[EventDate "2022.??.??"]

1. e4 e6 2. d4 d5 3. Nc3 Nf6 4. e5 Nfd7 5. f4 c5 6. Nf3 a6 7. Be3 Qb6 8. Na4
Qa5+ 9. c3 cxd4 10. b4 Qc7 11. Bxd4 Nc6 12. Be3 Be7 13. Bd3 O-O 14. O-O b5 15.
Nb2 Nb6 16. a4 Bd7 17. a5 Nc4 18. Nxc4 bxc4 19. Bb1 f5 20. exf6 Bxf6 21. Ra2 g6
22. Qd2 Rae8 23. Bb6 Qb7 24. h4 Bc8 25. Bc5 Qg7 26. Rc2 Be7 27. Be3 Rd8 28.
Rcc1 Bf6 29. Bb6 d4 30. Bxd8 Rxd8 31. cxd4 Nxd4 32. Qe1 Bb7 33. Ne5 Bd5 34. Rc3
Nc6 35. Re3 Qa7 36. Nxc6 Bxc6 37. Kh2 Bd5 38. Rh3 Qb7 39. h5 Rd7 40. Rff3 Rg7
41. hxg6 hxg6 42. Rfg3 Qc7 43. Be4 Kf7 44. Rh8 Qc6 45. Bc2 Qd6 46. Qe3 g5 47.
Qa7+ Be7 48. f5 exf5 49. Bxf5 c3 50. Bc2 Rg8 51. Rh7+ Rg7 52. Rh8 Rg8 53. Rh5
Rg7 54. Qf2+ Bf6 55. Rh6 g4 56. Kg1 Qc6 57. Rd3 g3 58. Qxf6+ Qxf6 59. Rxf6+
Kxf6 60. Rxd5 Re7 61. Rf5+ 1-0

[Event "FB1 2122 SV Hemer 1932 - OSG Baden-Bade"]
[Site "?"]
[Date "2022.05.26"]
[Round "3.2"]
[White "Ciolacu, Alessia-Mihaela"]
[Black "Stefanova, Antoaneta"]
[Result "1/2-1/2"]
[WhiteElo "2198"]
[BlackElo "2458"]
[PlyCount "75"]
[EventDate "2022.??.??"]

1. d4 d5 2. c4 c6 3. Nf3 e6 4. e3 Bd6 5. b3 f5 6. Bd3 Nf6 7. O-O Qe7 8. Bb2 b6
9. Qc1 O-O 10. Ba3 c5 11. cxd5 exd5 12. dxc5 bxc5 13. Nc3 Na6 14. Nb5 Bb8 15.
Nbd4 Ne4 16. Nc6 Qd6 17. Nxb8 Rxb8 18. Rd1 Nb4 19. Be2 Ba6 20. Bxa6 Qxa6 21.
Ne5 Qe2 22. Rf1 Nc2 23. Rb1 Nxa3 24. Qxa3 f4 25. Rbe1 Qb5 26. f3 Nc3 27. exf4
Ne2+ 28. Rxe2 Qxe2 29. Nd7 Qe3+ 30. Kh1 c4 31. Nxb8 Qd3 32. Rc1 Rxb8 33. Qxa7
Re8 34. Qd7 Kf8 35. Qd6+ Kg8 36. Qd7 Kf8 37. Qd6+ Kg8 38. Qd7 1/2-1/2

[Event "FB1 2122 SV Hemer 1932 - OSG Baden-Bade"]
[Site "?"]
[Date "2022.05.26"]
[Round "3.3"]
[White "Zatonskih, Anna"]
[Black "Frey, Alisa"]
[Result "1-0"]
[WhiteElo "2386"]
[BlackElo "1998"]
[PlyCount "93"]
[EventDate "2022.??.??"]

1. Nf3 Nf6 2. c4 g6 3. Nc3 d5 4. cxd5 Nxd5 5. e4 Nxc3 6. dxc3 Qxd1+ 7. Kxd1 Bg7
8. Bf4 c6 9. Kc2 Nd7 10. a4 a5 11. Nd2 Be5 12. Bh6 Nc5 13. Be3 Ne6 14. g3 Bc7
15. Nc4 c5 16. Na3 Bd7 17. Nb5 Bb8 18. Bc4 b6 19. Bd5 Ra6 20. Bb7 Bxb5 21. axb5
Ra7 22. Bc6+ Kd8 23. f4 Kc8 24. Rhf1 Nd8 25. Bd5 e6 26. Bc4 h5 27. e5 Kd7 28.
Bd3 Ke7 29. b4 Nb7 30. Be4 Rc8 31. Bxb7 Rxb7 32. bxa5 bxa5 33. Rfb1 Ba7 34.
Rxa5 Bb6 35. Ra6 Kd7 36. Rd1+ Ke8 37. h3 Rd8 38. Rh1 Kd7 39. g4 hxg4 40. hxg4
Kc7 41. Bxc5 Bxc5 42. Rc6+ Kd7 43. Rd1+ Ke7 44. Rxd8 Kxd8 45. Rxc5 Ra7 46. Kb3
Ra1 47. Kb4 1-0

[Event "FB1 2122 SV Hemer 1932 - OSG Baden-Bade"]
[Site "?"]
[Date "2022.05.26"]
[Round "3.4"]
[White "Moeller, Lisa-Marie"]
[Black "Salimova, Nurgyul"]
[Result "0-1"]
[WhiteElo "1927"]
[BlackElo "2418"]
[PlyCount "84"]
[EventDate "2022.??.??"]

1. e4 c6 2. d4 d5 3. exd5 cxd5 4. c4 Nf6 5. Nc3 g6 6. Qb3 Bg7 7. cxd5 O-O 8.
Nf3 Nbd7 9. Bf4 Nb6 10. Bd3 Nfxd5 11. Nxd5 Nxd5 12. Bd2 Nb6 13. Be3 Be6 14. Qd1
Nc4 15. Qe2 Qa5+ 16. Bd2 Nxd2 17. Qxd2 Qxd2+ 18. Kxd2 Rfd8 19. Ke3 Rac8 20.
Rhe1 Bd5 21. Rad1 a6 22. b3 e6 23. Ne5 Bxg2 24. f3 Bxe5 25. dxe5 Rc3 26. Re2
Rcxd3+ 27. Rxd3 Rxd3+ 28. Kxd3 Bf1 29. Ke3 Bxe2 30. Kxe2 g5 31. Ke3 f5 32. exf6
Kf7 33. Ke4 Kxf6 34. h3 e5 35. b4 Ke6 36. a4 b5 37. axb5 axb5 38. Ke3 Kd5 39.
Kd3 h6 40. Kc3 e4 41. fxe4+ Kxe4 42. Kc2 h5 0-1

[Event "FB1 2122 SV Hemer 1932 - OSG Baden-Bade"]
[Site "?"]
[Date "2022.05.26"]
[Round "3.5"]
[White "Heinemann, Josefine"]
[Black "Naumenko, Valerija"]
[Result "1-0"]
[WhiteElo "2300"]
[BlackElo "1750"]
[PlyCount "53"]
[EventDate "2022.??.??"]

1. e4 e5 2. Nf3 Nc6 3. Bc4 Bc5 4. c3 Nf6 5. d3 h6 6. O-O d6 7. Re1 O-O 8. h3 a6
9. a4 Ba7 10. Nbd2 Re8 11. b4 Ne7 12. Qb3 Rf8 13. d4 Ng6 14. a5 c6 15. Bf1 Be6
16. Qc2 Nh5 17. Bb2 Nhf4 18. c4 exd4 19. Nxd4 Bxd4 20. Bxd4 Qg5 21. Kh2 Nh4 22.
Ra3 Nfxg2 23. Rd1 Qf4+ 24. Rg3 g5 25. Bxg2 f6 26. Be3 Qe5 27. f4 1-0

[Event "FB1 2122 SV Hemer 1932 - OSG Baden-Bade"]
[Site "?"]
[Date "2022.05.26"]
[Round "3.6"]
[White "Dartmann Aubanell, Catriona"]
[Black "Tammert, Iamze"]
[Result "0-1"]
[WhiteElo "1874"]
[BlackElo "2302"]
[PlyCount "28"]
[EventDate "2022.??.??"]

1. e4 c5 2. Nf3 Nf6 3. e5 Nd5 4. c3 e6 5. d4 cxd4 6. cxd4 Nc6 7. Bc4 d6 8. O-O
Be7 9. Bd2 O-O 10. Qe2 Qb6 11. Nc3 Nxd4 12. Nxd4 Qxd4 13. Nxd5 exd5 14. Bd3 Bg4
0-1

[Event "FB1 2122 TuRa Harksheide  - SK Schwäbi"]
[Site "?"]
[Date "2022.05.27"]
[Round "4.1"]
[White "Kashlinskaya, Alina"]
[Black "Unuk, Laura"]
[Result "1-0"]
[WhiteElo "2498"]
[BlackElo "2338"]
[PlyCount "73"]
[EventDate "2022.??.??"]

1. d4 Nf6 2. c4 e6 3. Nc3 Bb4 4. e3 O-O 5. Bd3 c5 6. Nge2 d5 7. cxd5 cxd4 8.
exd4 Nxd5 9. a3 Be7 10. O-O Nc6 11. Nxd5 Qxd5 12. Be3 Rd8 13. Qc2 g6 14. Be4
Qb5 15. Rad1 Bf6 16. Nc3 Qh5 17. d5 Ne7 18. dxe6 Bxe6 19. Bxb7 Rxd1 20. Rxd1
Rb8 21. Ne4 Bxb2 22. Bg5 Nf5 23. Bf6 Nd4 24. Rxd4 Bxd4 25. Bxd4 Qa5 26. Bc3
Qxa3 27. Nf6+ Kf8 28. Nxh7+ Kg8 29. Nf6+ Kf8 30. Qd2 a5 31. h4 Ke7 32. Ne4 Bf5
33. Bf6+ Kf8 34. Qh6+ Ke8 35. Bc6+ Bd7 36. Qh8+ Qf8 37. Nd6# 1-0

[Event "FB1 2122 TuRa Harksheide  - SK Schwäbi"]
[Site "?"]
[Date "2022.05.27"]
[Round "4.2"]
[White "Antolak, Julia"]
[Black "Javakhishvili, Lela"]
[Result "1/2-1/2"]
[WhiteElo "2371"]
[BlackElo "2480"]
[PlyCount "48"]
[EventDate "2022.??.??"]

1. e4 e5 2. Nf3 Nc6 3. Bb5 Nf6 4. O-O Nxe4 5. Re1 Nd6 6. Nxe5 Be7 7. Bf1 Nxe5
8. Rxe5 O-O 9. d4 Bf6 10. Re1 Re8 11. c3 Rxe1 12. Qxe1 Ne8 13. Bf4 d5 14. Bd3
g6 15. Nd2 Ng7 16. Qe2 c6 17. h3 Bf5 18. Bxf5 Nxf5 19. Re1 Qd7 20. Nf3 Ng7 21.
Qd2 Re8 22. Be5 Qf5 23. Bxf6 Qxf6 24. Rxe8+ Nxe8 1/2-1/2

[Event "FB1 2122 TuRa Harksheide  - SK Schwäbi"]
[Site "?"]
[Date "2022.05.27"]
[Round "4.3"]
[White "Arabidze, Meri"]
[Black "Radikovic, Anamarija"]
[Result "1-0"]
[WhiteElo "2436"]
[BlackElo "2133"]
[PlyCount "67"]
[EventDate "2022.??.??"]

1. Nf3 d5 2. g3 Nf6 3. Bg2 Bg4 4. O-O Nbd7 5. d3 c6 6. Nbd2 e5 7. e4 Bc5 8. h3
Bxf3 9. Bxf3 dxe4 10. dxe4 O-O 11. Nc4 Qc7 12. Qe2 Rfd8 13. c3 Nf8 14. b4 Be7
15. a4 Qd7 16. Kg2 Qd3 17. Qxd3 Rxd3 18. Bb2 Ng6 19. Na5 c5 20. b5 Rd7 21. Nc4
Rad8 22. Bc1 Rd3 23. Ra3 Ne8 24. Be2 R3d7 25. Be3 Nc7 26. Ra2 b6 27. h4 f6 28.
Rb1 Ra8 29. a5 Rdd8 30. axb6 axb6 31. Nxb6 Rxa2 32. Bc4+ Kh8 33. Bxa2 Rb8 34.
Nd5 1-0

[Event "FB1 2122 TuRa Harksheide  - SK Schwäbi"]
[Site "?"]
[Date "2022.05.27"]
[Round "4.4"]
[White "Adamowicz, Katarzyna"]
[Black "Atalik, Ekaterina"]
[Result "0-1"]
[WhiteElo "2108"]
[BlackElo "2414"]
[PlyCount "118"]
[EventDate "2022.??.??"]

1. e4 e5 2. Nf3 Nc6 3. Bb5 a6 4. Ba4 Nf6 5. d3 d6 6. c3 Be7 7. O-O O-O 8. Nbd2
Re8 9. Re1 Bf8 10. Nf1 g6 11. h3 Bg7 12. Bg5 h6 13. Bh4 g5 14. Bg3 Bd7 15. Ne3
b5 16. Bb3 Ne7 17. Nh2 Ng6 18. Nhg4 Nf4 19. Bxf4 exf4 20. Nxf6+ Qxf6 21. Nd5
Qd8 22. Qh5 Be6 23. Nb4 a5 24. Nc6 Qd7 25. Nd4 Bxb3 26. axb3 Bxd4 27. cxd4 Kg7
28. d5 Qe7 29. Rec1 Ra7 30. Qg4 Rf8 31. Qf5 Qf6 32. Qd7 f3 33. Qxb5 fxg2 34.
Kxg2 Qxb2 35. Qc4 Rb8 36. Rab1 Qf6 37. Re1 Rb4 38. Qc6 Rab7 39. Re3 a4 40. Rf3
Qe7 41. Ra1 Rxb3 42. Rxa4 R3b6 43. Qc4 Rb1 44. Rf5 g4 45. Qd4+ Kh7 46. hxg4 Rb8
47. Qe3 Qh4 48. e5 Qh1+ 49. Kg3 Rg1+ 50. Kf4 Qh2+ 51. Ke4 Rxg4+ 52. f4 dxe5 53.
Rxe5 Rg3 54. Qe1 Rb2 55. Kd4 Rxd3+ 56. Kxd3 Qc2+ 57. Ke3 Rb3+ 58. Kd4 Rd3+ 59.
Ke4 Rc3+ 0-1

[Event "FB1 2122 TuRa Harksheide  - SK Schwäbi"]
[Site "?"]
[Date "2022.05.27"]
[Round "4.5"]
[White "Daulyte-Cornette, Deimante"]
[Black "Brandt, Carina"]
[Result "1-0"]
[WhiteElo "2372"]
[BlackElo "2061"]
[PlyCount "89"]
[EventDate "2022.??.??"]

1. e4 e6 2. d4 d5 3. e5 c5 4. c3 Nc6 5. Nf3 Bd7 6. Be2 Nge7 7. Na3 a6 8. Nc2
Rc8 9. h4 cxd4 10. cxd4 Na5 11. b3 Qc7 12. Ne3 Bb5 13. Bxb5+ axb5 14. O-O Nec6
15. Qd3 Qb6 16. Bd2 Be7 17. Nc2 b4 18. Rac1 Na7 19. h5 h6 20. Nfe1 N5c6 21. Qg3
Bf8 22. Nd3 Ra8 23. Be3 Nb5 24. f4 Nc3 25. Qf3 Rxa2 26. f5 exf5 27. Qxf5 Ne2+
28. Kh2 Nd8 29. Rce1 Rxc2 30. Nc5 Rxc5 31. dxc5 Qb5 32. e6 fxe6 33. Qg4 Nc3 34.
Bd4 Kd7 35. Bxg7 Rg8 36. Rxf8 Rxf8 37. Bxf8 Ne4 38. Qg7+ Kc6 39. Qxh6 Qd3 40.
Qe3 Qc2 41. Rf1 Qb2 42. h6 Qe5+ 43. Qf4 Qh5+ 44. Kg1 Qg6 45. Qb8 1-0

[Event "FB1 2122 TuRa Harksheide  - SK Schwäbi"]
[Site "?"]
[Date "2022.05.27"]
[Round "4.6"]
[White "Rosmait, Emily"]
[Black "Bulmaga, Irina"]
[Result "0-1"]
[WhiteElo "1896"]
[BlackElo "2397"]
[PlyCount "140"]
[EventDate "2022.??.??"]

1. e4 e5 2. Nf3 Nc6 3. Bb5 g6 4. O-O Bg7 5. c3 a6 6. Ba4 d6 7. h3 b5 8. Bc2 Nf6
9. Re1 O-O 10. d3 Re8 11. Nbd2 h6 12. Nf1 d5 13. a4 Rb8 14. axb5 axb5 15. exd5
Nxd5 16. Ne3 Nf4 17. Ng4 h5 18. Ngh2 Nd5 19. Bg5 f6 20. Be3 Nxe3 21. fxe3 Be6
22. Ra6 Qd7 23. d4 Bf7 24. e4 exd4 25. Nxd4 Ne5 26. Nhf3 Rbd8 27. Qa1 Nxf3+ 28.
Nxf3 Qe7 29. Ra7 Qc5+ 30. Kh1 Qf2 31. Nd4 Rxd4 32. cxd4 Qxc2 33. Ra8 Qc6 34.
Rxe8+ Qxe8 35. Qc1 Qd7 36. Rd1 Bb3 37. Rd3 Bc4 38. Rd1 Kh7 39. Qf4 c6 40. Qf3
f5 41. exf5 Qxf5 42. Qe3 Bd5 43. Kg1 Qe4 44. Qf2 Bf6 45. Rd2 Bh4 46. Qe2 Qxe2
47. Rxe2 Bf6 48. Rd2 Bc4 49. Kf2 Bg5 50. Rd1 Kg7 51. Ra1 Kf6 52. g4 hxg4 53.
hxg4 Ke6 54. Re1+ Kd6 55. Kf3 Bd5+ 56. Kg3 Bf6 57. Rd1 Bb3 58. Rd2 g5 59. Kf3
Be6 60. Ke4 Bxg4 61. Rh2 Ke6 62. Rh6 Bf5+ 63. Ke3 Kf7 64. Rh1 Be6 65. Rh7+ Bg7
66. Rh1 Kg6 67. Ra1 Bd5 68. Ra7 g4 69. Re7 g3 70. Ke2 g2 0-1

[Event "FB1 2122 Hamburger SK - SC Bad Königsh"]
[Site "?"]
[Date "2022.05.27"]
[Round "4.1"]
[White "Osmak, Yuliia"]
[Black "Socko, Monika"]
[Result "1/2-1/2"]
[WhiteElo "2428"]
[BlackElo "2384"]
[PlyCount "176"]
[EventDate "2022.??.??"]

1. c4 e5 2. Nc3 Nf6 3. Nf3 Nc6 4. e4 Bb4 5. d3 d6 6. Be2 O-O 7. Bg5 Nd4 8. Nxd4
exd4 9. a3 Ba5 10. b4 c6 11. Nb1 Bc7 12. Nd2 d5 13. exd5 cxd5 14. c5 Re8 15.
O-O a5 16. Bf3 h6 17. Bxf6 Qxf6 18. g3 Bf5 19. Bxd5 Bxd3 20. Re1 Rxe1+ 21. Qxe1
axb4 22. axb4 Rxa1 23. Qxa1 Ba6 24. Qe1 Qe5 25. Qxe5 Bxe5 26. Bc4 b5 27. cxb6
Bb7 28. Nb3 Bf3 29. Nc5 Bd6 30. Kf1 Kf8 31. Ke1 Ke7 32. Kd2 g5 33. Kd3 Be5 34.
Nb3 f6 35. Nxd4 Bg2 36. Nf5+ Kd7 37. Ne3 Bh3 38. Bd5 h5 39. Bf3 Be6 40. Bxh5 f5
41. Bg6 f4 42. Nc2 Ba2 43. Ke4 Bd6 44. Kf5 fxg3 45. fxg3 Be7 46. Kg4 Kc6 47.
Bd3 Kxb6 48. b5 Kc5 49. Kf5 Bd8 50. Ke4 Bg8 51. Ke5 Bc7+ 52. Kf6 Bd8+ 53. Kg6
Bb3 54. Ne1 Kd4 55. Bf5 Bd1 56. Nc2+ Kc5 57. Ne3 Be2 58. Bd7 Bd3+ 59. Kf7 Kd6
60. Bc6 Bb6 61. Ng4 Bf5 62. Nh6 Bd3 63. Kf6 Bd8+ 64. Kg7 Ke6 65. Ng4 Be2 66.
Nf2 Kd6 67. Kg6 Ke5 68. Nh3 Bd3+ 69. Kh5 Be2+ 70. g4 Kf6 71. Nxg5 Bc7 72. h3
Ke5 73. h4 Ba5 74. Bd7 Kd6 75. Bc6 Ke5 76. Nf7+ Kf4 77. Bd7 Bc7 78. Kg6 Bd3+
79. Kf6 Bb6 80. g5 Bd4+ 81. Ke7 Bg6 82. Nh6 Bf2 83. Kf6 Bd3 84. h5 Bd4+ 85. Ke6
Kxg5 86. Kd5 Kxh6 87. Kxd4 Bxb5 88. Bxb5 Kxh5 1/2-1/2

[Event "FB1 2122 Hamburger SK - SC Bad Königsh"]
[Site "?"]
[Date "2022.05.27"]
[Round "4.2"]
[White "Padmini, Rout"]
[Black "Schneider, Jana"]
[Result "1-0"]
[WhiteElo "2348"]
[BlackElo "2303"]
[PlyCount "125"]
[EventDate "2022.??.??"]

1. e4 e5 2. Nf3 Nc6 3. Bb5 a6 4. Ba4 Nf6 5. O-O b5 6. Bb3 Bc5 7. a4 Rb8 8. c3
d6 9. d4 Bb6 10. a5 Ba7 11. h3 Bb7 12. Be3 Nxe4 13. Nbd2 Nxd2 14. Qxd2 O-O 15.
dxe5 dxe5 16. Qxd8 Rbxd8 17. Bxa7 Nxa7 18. Nxe5 Rd2 19. Rad1 Rxd1 20. Rxd1 Nc6
21. Bxf7+ Rxf7 22. Nxf7 Kxf7 23. Rd7+ Ne7 24. Rxc7 Bc8 25. g4 h5 26. f3 hxg4
27. fxg4 g5 28. Kh2 Kf6 29. Kg3 Be6 30. Ra7 Bc8 31. Rc7 Be6 32. Ra7 Bc8 33. h4
gxh4+ 34. Kxh4 Ng6+ 35. Kh5 Nf4+ 36. Kh6 Bxg4 37. Rxa6+ Ke5 38. Ra8 Nd5 39. Kg5
Bd7 40. Rd8 Bc6 41. Kg4 Ne3+ 42. Kg3 Nc4 43. b4 Nd6 44. a6 Ne8 45. a7 Nc7 46.
Kf2 Ke6 47. Ke3 Ke7 48. Rh8 Kd6 49. Kd4 Ne6+ 50. Ke3 Nc7 51. Rd8+ Ke7 52. Rb8
Kd6 53. c4 bxc4 54. b5 Bh1 55. b6 Nd5+ 56. Kd4 Ne7 57. Kxc4 Bd5+ 58. Kb5 Nc6
59. a8=Q Nd4+ 60. Ka6 Bxa8 61. Rxa8 Nc6 62. b7 Kc7 63. Rc8+ 1-0